000 00423nam a2200157Ia 4500
008 220531s9999 xx 000 0 und d
041 _amar
100 _aर्
_944379
245 _aदेवळाचा धर्म आणि धर्माची देवळे
260 _bA. N. S.
_c1999
300 _a20
542 _d28-02-2002
650 _aSociology
_944380
906 _d2001-2002
999 _c26290
_d26290